| Tag |
First Indicator |
Second Indicator |
Subfields |
| LEADER |
00000cam a2200000 a 4500 |
| 001 |
in00002786491 |
| 005 |
20211120170310.0 |
| 006 |
m o d f |
| 007 |
cr cn||||||||| |
| 008 |
121113s2010 dcua o f000 0 eng c |
| 035 |
|
|
|a (OCoLC)ocn817731738
|
| 040 |
|
|
|a GPO
|c GPO
|d OCLCO
|d GPO
|d MvI
|d UtOrBLW
|
| 042 |
|
|
|a pcc
|
| 043 |
|
|
|a n-us---
|
| 049 |
|
|
|a WWW
|
| 074 |
|
|
|a 0014-A (online)
|
| 086 |
0 |
|
|a A 1.68:2051
|
| 245 |
0 |
0 |
|a Livestock protection dogs :
|b protecting sheep from predators.
|
| 264 |
|
1 |
|a [Washington, D.C.] :
|b U.S. Dept. of Agriculture , Animal and Plant Health Inspection Service,
|c [2010]
|
| 300 |
|
|
|a 1 online resource (2 pages) :
|b color illustrations
|
| 336 |
|
|
|a text
|b txt
|2 rdacontent
|
| 337 |
|
|
|a computer
|b c
|2 rdamedia
|
| 338 |
|
|
|a online resource
|b cr
|2 rdacarrier
|
| 490 |
1 |
|
|a Program aid ;
|v no. 2051
|
| 500 |
|
|
|a Title from title screen (viewed Nov. 13, 2012).
|
| 500 |
|
|
|a Electronic resource.
|
| 650 |
|
0 |
|a Livestock protection dogs.
|
| 650 |
|
0 |
|a Livestock
|x Losses
|z United States.
|
| 650 |
|
0 |
|a Human-animal relationships.
|
| 710 |
1 |
|
|a United States.
|b Animal and Plant Health Inspection Service.
|
| 830 |
|
0 |
|a Program aid (United States. Department of Agriculture) ;
|v no. 2051.
|
| 856 |
4 |
0 |
|u https://purl.fdlp.gov/GPO/gpo31192
|t 0
|
| 999 |
|
|
|a MARS
|
| 999 |
f |
f |
|s 46d430e6-3ceb-3631-a662-00ff781dd9a5
|i ff0d4f83-0365-3cba-9901-d3a155f0e571
|t 0
|
| 952 |
f |
f |
|a Texas A&M University
|b College Station
|c Electronic Resources
|d Available Online
|t 0
|e A 1.68:2051
|h Superintendent of Documents classification
|
| 998 |
f |
f |
|a A 1.68:2051
|t 0
|l Available Online
|